Slunce a pláž /
Sbírka z dlouhé řady antologií českých povídek nakladatelství Listen má tentokrát za jednotící téma příběhy z letních dovolených.
Uloženo v:
| Hlavní autor: | |
|---|---|
| Další autoři: | , , , , , , , , , |
| Médium: | E-kniha |
| Jazyk: | Czech |
| Vydáno: |
Praha :
Listen,
2025
|
| Vydání: | Vydání první |
| Edice: | Česká povídka (Listen)
|
| Témata: | |
| Tagy: |
Žádné tagy |
| LEADER | 03909nam a2200613 i 4500 | ||
|---|---|---|---|
| 001 | 302536 | ||
| 003 | CZ PrSKC | ||
| 005 | 20260513063241.0 | ||
| 007 | ta | ||
| 008 | 250516s2025 xr a g 000 j cze | ||
| 015 | |a cnb003669380 | ||
| 020 | |a 9788028403980 |q (vázáno) | ||
| 035 | |a (OCoLC)1527577135 | ||
| 040 | |a ABG001 |b cze |e rda | ||
| 045 | |a y-y- | ||
| 072 | 7 | |a 821.162.3-3 |x Česká próza |2 Konspekt | |
| 080 | |a 821.162.3-32 |2 MRF | ||
| 080 | |a (0:82-32) |2 MRF | ||
| 080 | |a (082.21) |2 MRF | ||
| 100 | 1 | |a Dvořáková, Petra, |d 1977- |7 xx0044613 |4 aut | |
| 245 | 1 | 0 | |a Slunce a pláž / |c Petra Dvořáková, Petra Soukupová, Michaela Klevisová, Michal Viewegh, Viktorie Hanišová, Bianca Bellová, Marek Epstein, Marie Vejvodová, Boris Dočekal, David Urban, Lidmila Kábrtová |
| 250 | |a Vydání první | ||
| 264 | 1 | |a Praha : |b Listen, |c 2025 | |
| 300 | |a 199 stran : |b ilustrace ; |c 19 cm | ||
| 336 | |a text |b txt |2 rdacontent | ||
| 337 | |a bez média |b n |2 rdamedia | ||
| 338 | |a svazek |b nc |2 rdacarrier | ||
| 490 | 1 | |a Česká povídka | |
| 505 | 0 | 0 | |t Slunce a pláž / |r Petra Dvořáková -- |t Olivovníky / |r Petra Soukupová -- |t Vůně zralých fíků / |r Michaela Klevisová -- |t Stříbrný vítr a zlatý déšť / |r Michal Viewegh -- |t Domeček z mušlí / |r Viktorie Hanišová -- |t Magická jeskyně / |r Bianca Bellová -- |t Mezi světadíly! / |r Marek Epstein -- |t Na vlastní kůži / |r Marie Vejvodová -- |t Mušličky / |r Boris Dočekal -- |t Vysněná dovolená / |r David Urban -- |t Katedrála / |r Lidmila Kábrtová |
| 520 | 2 | |a Sbírka z dlouhé řady antologií českých povídek nakladatelství Listen má tentokrát za jednotící téma příběhy z letních dovolených. |b Zakynthos, Korčula, Sicílie, Francouzská Polynésie... Konečně začíná vysněná dovolená! Kdo by netoužil odletět do teplých krajů lenošit u moře, popíjet koktejly, sbírat mušle a nechat se ovívat přímořským vánkem ve stínu palem či pinií. Jedenáct známých českých autorek a autorů poslalo své hrdiny na mořské pláže užít si exotiky, klidu, společného rodinného odpočinku či vzpamatovat se z životních karambolů, ale ukazuje, že pohoda se může zvrtnout i v idylických kulisách. Rodinné štěstí se občas změní v nečekané drama, nejednomu pánovi se postaví do cesty sexy opálené tělo chtivé plavkyně, a než se nadějete, z dětí jsou samostatní dospělí a z výletníků trosečníci... Nakladatelská anotace. | |
| 648 | 7 | |a 21. století |7 ch460559 |2 czenas | |
| 650 | 0 | 7 | |a česká povídka |7 ph128146 |y 21. století |2 czenas |
| 650 | 0 | 9 | |a Czech short stories |y 21st century |2 eczenas |
| 655 | 7 | |a české povídky |7 fd133971 |2 czenas | |
| 655 | 7 | |a antologie |7 fd131819 |2 czenas | |
| 655 | 9 | |a Czech short stories |2 eczenas | |
| 655 | 9 | |a anthology |2 eczenas | |
| 700 | 1 | |a Soukupová, Petra, |d 1982- |7 xx0067507 |4 aut | |
| 700 | 1 | |a Klevisová, Michaela, |d 1976- |7 xx0065727 |4 aut | |
| 700 | 1 | |a Viewegh, Michal, |d 1962- |7 jn19990010021 |4 aut | |
| 700 | 1 | |a Hanišová, Viktorie, |d 1980- |7 xx0068787 |4 aut | |
| 700 | 1 | |a Bellová, Bianca, |d 1970- |7 xx0087781 |4 aut | |
| 700 | 1 | |a Epstein, Marek, |d 1975- |7 xx0041517 |4 aut | |
| 700 | 1 | |a Vejvodová, Marie, |d 1989- |7 xx0268369 |4 aut | |
| 700 | 1 | |a Dočekal, Boris, |d 1950- |7 jn19990218017 |4 aut | |
| 700 | 1 | |a Urban, David, |d 1973- |7 xx0250387 |4 aut | |
| 700 | 1 | |a Kábrtová, Lidmila, |d 1971- |7 xx0169540 |4 aut | |
| 830 | 0 | |a Česká povídka (Listen) | |
| 900 | |a ABA001 |b 19 | ||
| 928 | 9 | |a Euromedia Group - Listen | |
| 044 | |a xr | ||
| 910 | |a RBIT002 | ||
| 998 | |d 420275 |a https://core.palmknihy.cz/api/books/420275/cover?svu48p |b https://core.palmknihy.cz/api/books/420275/cover/400?svu48p |c https://core.palmknihy.cz/api/books/420275/cover/50?svu48p |e 2030-03-18 |g 200 |i 9788028403980 |j https://core.palmknihy.cz/api/books/420275/preview.epub |l |q 49 |r 1 |s https://www.palmknihy.cz/kniha/420275 |t ebook |y 2025 |z 0 | ||
| 999 | |d 302534 | ||